=LDR 00000nam 2200000 4500 =001 INLIS000000000057761 =005 20210428082325 =035 ##$$a 0010-0421000039 =007 ta =008 210428################g##########0#ind## =020 ##$$a 978-979-8844-98-0 =082 ##$$a 338.642 =084 ##$$a 338.642 YAY b =100 #$$a Yayuk Rahayu =245 1#$$a Bisnis rumahan aksesoris anak /$c Yayuk Rahayu =250 ##$$a cet.1 =260 ##$$a Jakarta :$b Amalia,$c 2013 =300 ##$$a iv, 52 hlm ; $c 25 x 17 cm =600 #4$$a Wirausaha =990 ##$$a 21305508 =990 ##$$a 21305505 =990 ##$$a 21305506 =990 ##$$a 21305507